000 00443nam a2200169Ia 4500
003 LK-CoDNM
008 010623t1925 xxu||||| |||| 00| 1 sin d
040 _aLK-CoDNM
_dLK-CoDNM
_eLK-CoDNM
041 _asin
080 _a104 D.11
100 _aVimalaananda thero,Kudagammana
_eed.
245 _aඋපදේශ රත්නය
246 _aUpadesaratnaya
260 _bA.P.Gunarathne
_aColombo
_c1925
300 _b40p., 21 cm
942 _cBK
999 _c92893
_d92893